Zarzadzanie logistyczne w praktyce
Enregistré dans:
| Autres auteurs: | |
|---|---|
| Format: | Livre |
| Langue: | polonais |
| Publié: |
Poznan
Wydawnictwo Akademii Ekonomicznej w Poznaniu
2000
|
| Collection: | Zeszyty naukowe
3 |
| Sujets: | |
| Tags: |
Pas de tags, Soyez le premier à ajouter un tag!
|
MARC
| LEADER | 00000nam a2200000 4500 | ||
|---|---|---|---|
| 001 | c124233 | ||
| 005 | 20221221084930.6 | ||
| 020 | |a 83-88222-24-4 | ||
| 041 | 0 | |a pol | |
| 044 | |a PL | ||
| 245 | 1 | 0 | |a Zarzadzanie logistyczne w praktyce |c Redaktor naukowy: Stefan Abt |
| 264 | 1 | |a Poznan |b Wydawnictwo Akademii Ekonomicznej w Poznaniu |c 2000 | |
| 300 | |a 123 s. | ||
| 490 | 1 | |a Zeszyty naukowe |v 3 | |
| 830 | 0 | |a Zeszyty naukowe |v 3 | |
| 610 | 2 | 0 | |a logistika |
| 610 | 2 | 0 | |a teória a prax |
| 610 | 2 | 0 | |a riadenie |
| 610 | 2 | 0 | |a obchod |
| 610 | 2 | 0 | |a turistika |
| 610 | 2 | 0 | |a informácie |
| 610 | 2 | 0 | |a politika regionálna |
| 610 | 2 | 0 | |a ochrana prostredia životného |
| 610 | 2 | 0 | |a právo |
| 610 | 2 | 0 | |a integrácia ekonomická medzinárodná |
| 610 | 2 | 0 | |a doprava |
| 610 | 2 | 0 | |a Poľsko |
| 700 | 1 | |a Abt, Stefan | |